|
|
|
|
| LEADER |
00000nam0a2200000 4500 |
| 001 |
371531 |
| 005 |
20231102012404.0 |
| 035 |
|
|
|a (RuTPU)RU\TPU\retro\28941
|
| 090 |
|
|
|a 371531
|
| 100 |
|
|
|a 20221025d1979 m y0rusy50 ca
|
| 101 |
0 |
|
|a rus
|
| 102 |
|
|
|a RU
|
| 105 |
|
|
|a y z 001zy
|
| 200 |
1 |
|
|a Проблемы дальнейшего развития экономики Сибири и Дальнего Востока
|f А. Н. Гладышев, В. П. Логинов
|g Общество "Знание" РСФСР
|
| 210 |
|
|
|a Москва
|c [Б. и.]
|d 1979
|
| 215 |
|
|
|a 48 с.
|
| 225 |
1 |
|
|a В помощь лектору
|
| 320 |
|
|
|a Библиогр.: с. 41
|
| 606 |
|
|
|a Экономика
|x СССР
|2 stltpush
|3 (RuTPU)RU\TPU\subj\37359
|9 58390
|
| 610 |
1 |
|
|a производительные силы
|
| 610 |
1 |
|
|a природные богатства
|
| 610 |
1 |
|
|a экономические районы
|
| 610 |
1 |
|
|a ускоренное развитие
|
| 610 |
1 |
|
|a строительство
|
| 686 |
|
|
|a У9(2)0
|v LBC/SL-A
|2 rubbk
|
| 700 |
|
1 |
|a Гладышев
|b А. Н.
|g Анатолий Николаевич
|
| 701 |
|
1 |
|a Логинов
|b В. П.
|g Виктор Петрович
|
| 712 |
0 |
2 |
|a Общество "Знание" РСФСР
|c (Москва)
|c (1963-1991)
|2 stltpush
|3 (RuTPU)RU\TPU\col\7484
|9 24337
|
| 801 |
|
1 |
|a RU
|b 63413507
|c 20221025
|
| 801 |
|
2 |
|a RU
|b 63413507
|c 20230623
|g RCR
|
| 942 |
|
|
|c BK
|